Statistics for Flags of Countries That Border Guinea

Click here to take the quiz!

General Stats

  • This quiz has been taken 1,129 times
  • The average score is 5 of 6

Answer Stats

Answer% Correct
Ivory Coast
96%
Liberia
90%
Senegal
90%
Mali
80%
Guinea Bissau
79%
Sierra Leone
78%

Score Distribution

Percentile by Number Answered

Percent of People with Each Score

Your Score History

You have not taken this quiz